Extremely Long Fallout 4 Quiz - Statistics

General Stats
  • This quiz has been taken 42 times
  • The average score is 30 of 60
Answer Stats
Hint Answer % Correct
3. Your Son Shaun
100%
4. Vault you go to to survive nuke Vault 111
100%
2. Sole Survivor female default name Nora
94%
1. Sole Survivor male default name Nate
85%
5. Place you lived before the war, can become a settlement after leaving vault Sanctuary Hills
85%
7. "There's a settlement that needs your help, I'll mark it on your map." Preston Garvey
82%
11. Person who kidnaps your son Conrad Kellogg
79%
8. Uses the sight if you give her chems Mama Murphy
79%
6. Place the Minutemen hid in Concord Museum of Freedom
76%
9. Minutemen Mechanic, also a synth Sturges
76%
20. Biggest town in-game Diamond City
73%
34. Synth detective who can be your companion Nick Valentine
67%
43. Brotherhood companion Paladin Danse
67%
26. Railroad Companion Deacon
64%
54. Device on your wrist Pip-Boy
64%
47. Super Mutant companion Strong
64%
41. The giant aircraft owned by the Brotherhood, above Boston Airport The Prydwen
64%
19. Name of the former Institute scientist who hid in #18 Brian Virgil
61%
21. Town established by people exiled from #20 Goodneighbor
61%
49. Potential Minuten HQ south of Boston Airport The Castle
61%
22. Town built around a pre-war monument Bunker Hill
58%
50. Companion found in #23 Curie
58%
25. Railroad leader Desdemona
58%
32. Female companion who writes newspapers in #20 Piper Wright
58%
23. Inhabited vault west of Boston Vault 81
58%
42. Brotherhood leader Elder Maxson
55%
52. Mayor of #21, can be a companion John Hancock
55%
18. Name for the area the nuke detonated The Glowing Sea
55%
48. Where you can find #47 Trinity Tower
55%
10. Farm southwest of Concord Abernathy Farm
52%
24. The Railroad's HQ is located under this building Old North Church
52%
12. Tarberry farm near Salem The Slog
52%
13. Occupied by The Forged Saugus Ironworks
45%
46. Old U.S. Military Base infested by Super Mutants Fort Strong
42%
14. Island on the southeast coast and can become a settlement Spectacle Island
42%
28. Sells weapons in #21 KL-E-0
39%
39. Mafia-like group in Vault 114 Triggerman
39%
16. Gang located west of #15 Atom Cats
36%
51. Person who can turn #50 into a synth, located in #21 Dr. Amari
36%
36. Doctor in #20 who cures you Dr. Sun
36%
58. Captain of the USS Constitution Ironsides
36%
35. Sells swatters Moe Cronin
36%
33. Sister of #32 Nat Wright
36%
27. Sells weapons in #20 Arturo Rodriguez
33%
37. Doctor in #20 who can give you facial surgery Dr. Crocker
33%
59. Raider camp made from boat wrecks Libertalia
33%
30. Owner of a 24-hour shop located in #20 Myrna
33%
53. Mayor of #20 Mayor McDonough
30%
31. Mr. Handy who works for #30 Percy
27%
40. Group of scammers in a theater Pillars of the Community
27%
60. Ghoul kid trapped in a fridge Billy Peabody
24%
29. Has a shop next to #28's shop (Also located in #21) Daisy
24%
44. Trader on #44 Proctor Teagan
24%
38. Sells chems in #20 Solomon
24%
15. Farm southwest of #14 Warwick Homestead
24%
55. Railroad Safehouse east of CIT Ruins Ticonderoga
21%
57. Captain of Yangtze-31 Zao
21%
17. Name of the boat that got shipwrecked south of #15 FMS Northern Star
15%
56. Lives in #55 High Rise
15%
45. Scientist on #41 and can make a strong RadAway if you bring her blood samples Senior Scribe Neriah
12%
No matching quizzes found
Score Distribution
Percent of People with Each Score
Percentile by Number Answered
Your Score History
You have not taken this quiz